<?xml version="1.0" encoding="UTF-8"?>
<record
    xmlns:xsi="http://www.w3.org/2001/XMLSchema-instance"
    xsi:schemaLocation="http://www.loc.gov/MARC21/slim http://www.loc.gov/standards/marcxml/schema/MARC21slim.xsd"
    xmlns="http://www.loc.gov/MARC21/slim">

  <leader>03280nam a22003257a 4500</leader>
  <controlfield tag="005">20250515145721.0</controlfield>
  <controlfield tag="008">180322b        co||||| |||| 00| 0 esp d</controlfield>
  <datafield tag="020" ind1=" " ind2=" ">
    <subfield code="a">9789586829496</subfield>
  </datafield>
  <datafield tag="040" ind1=" " ind2=" ">
    <subfield code="a">UTEA</subfield>
  </datafield>
  <datafield tag="041" ind1=" " ind2=" ">
    <subfield code="a">Es</subfield>
  </datafield>
  <datafield tag="044" ind1=" " ind2=" ">
    <subfield code="a">CO</subfield>
  </datafield>
  <datafield tag="082" ind1=" " ind2=" ">
    <subfield code="a">333.72</subfield>
    <subfield code="b">H29 2016</subfield>
  </datafield>
  <datafield tag="100" ind1=" " ind2=" ">
    <subfield code="a">Alfonso &#xC1;vila, Nury Zaride Hazmine</subfield>
    <subfield code="c">Licenciada en Biolog&#xED;a / </subfield>
    <subfield code="c">Master en Saneamiento y Desarrollo Ambiental</subfield>
    <subfield code="e">Autor</subfield>
  </datafield>
  <datafield tag="245" ind1=" " ind2=" ">
    <subfield code="a">Principios B&#xE1;sicos para la Gesti&#xF3;n Ambiental </subfield>
    <subfield code="c">Nury Zaride Hazmine Alfonso &#xC1;vila</subfield>
    <subfield code="h">[Impreso]</subfield>
  </datafield>
  <datafield tag="250" ind1=" " ind2=" ">
    <subfield code="a">3ra edici&#xF3;n</subfield>
  </datafield>
  <datafield tag="260" ind1=" " ind2=" ">
    <subfield code="a">Bogot&#xE1; - Colombia</subfield>
    <subfield code="b">Grupo Editorial Alfaomega</subfield>
    <subfield code="c">2016</subfield>
  </datafield>
  <datafield tag="300" ind1=" " ind2=" ">
    <subfield code="a">431 p&#xE1;ginas.</subfield>
    <subfield code="b">Cuadros, Tablas, Diagramas, Figuras,. 01 Ej. Andahuaylas</subfield>
    <subfield code="c">17 x 24 cm.</subfield>
  </datafield>
  <datafield tag="505" ind1=" " ind2=" ">
    <subfield code="a">Presentaci&#xF3;n. -- Introducci&#xF3;n. -- Ecolog&#xED;a. -- Palabras claves. -- Temas. -- Competencias. -- Puntos de aprendizaje. -- Introducci&#xF3;n. -- Ecolog&#xED;a. -- Administraci&#xF3;n ambiental. -- Desarrollo sostenible. -- Ecosistema. -- el deterioro ambiental. -- Agotamiento de los recursos naturales. -- Procesos productivos y sus efectos contaminantes. -- Palabras claves. -- Temas. -- Competencias. -- Puntos de aprendizaje. -- Introducci&#xF3;n. -- Crisis ambiental y sectores productivos. -- Tecnolog&#xED;as. -- Educaci&#xF3;n ambiental. -- Impacto de la industria en el ambiente. -- Sistema econ&#xF3;mico. -- Gesti&#xF3;n y derecho ambiental. -- Palabras claves. -- Temas. -- Competencias. -- Puntos de aprendizaje. -- Introducci&#xF3;n. -- Gesti&#xF3;n ambiental. -- Implementaci&#xF3;n de un sistema de gesti&#xF3;n ambiental. -- La organizaci&#xF3;n y la gesti&#xF3;n ambiental. -- Entidades p&#xFA;blicas administradoras del ambiente en Colombia. -- Derecho ambiental. -- Econom&#xED;a y ambiente. -- Palabras claves. -- Temas. -- Competencias. -- Puntos de aprendizaje. -- Introducci&#xF3;n. -- Concepto de econom&#xED;a. -- Estudios de impacto ambiental. -- Desarrollo sostenible. -- El comercio. -- Biodiversidad y &#xE1;reas del manejo especial. -- Palabras claves. -- Temas. -- Competencias. -- Puntos de aprendizaje. -- Introducci&#xF3;n. -- Concepto de biodiversidad. -- Herramientas de planificaci&#xF3;n para la conservaci&#xF3;n de la biodiversidad. -- Pasos para la planificaci&#xF3;n de la biodiversidad. -- Biotecnolog&#xED;a. -- &#xC1;reas de manejo especial. -- Administraci&#xF3;n. -- Riesgos y cuidados. -- Gu&#xED;as ecol&#xF3;gicas. -- Recomendaciones. </subfield>
  </datafield>
  <datafield tag="520" ind1=" " ind2=" ">
    <subfield code="a">La preocupaci&#xF3;n por el aumento de la contaminaci&#xF3;n  nivel mundial ha generado soluciones alternativas en diferentes campos de acci&#xF3;n: tecnolog&#xED;a, educaci&#xF3;n, legislaci&#xF3;n nacional, tratados internacionales, pol&#xED;ticas p&#xFA;blicas, etc. En este contexto, es fundamental comprender qu&#xE9; es la administraci&#xF3;n ambiental y c&#xF3;mo aporta al desarrollo sostenible de todas nuestras actividades. Con este contenido, podr&#xE1; conocer los principios b&#xE1;sicos para la gesti&#xF3;n ambiental de una forma integral, mediante la comprensi&#xF3;n de los problemas.</subfield>
  </datafield>
  <datafield tag="650" ind1=" " ind2="0">
    <subfield code="a">PROCESOS PRODUCTIVOS Y SUS EFECTOS CONTAMINANTES</subfield>
  </datafield>
  <datafield tag="650" ind1=" " ind2="0">
    <subfield code="a">GESTI&#xD3;N Y DERECHO AMBIENTAL</subfield>
  </datafield>
  <datafield tag="650" ind1=" " ind2="0">
    <subfield code="a">ECONOM&#xCD;A Y AMBIENTE</subfield>
    <subfield code="9">26121</subfield>
  </datafield>
  <datafield tag="650" ind1=" " ind2="0">
    <subfield code="a">BIODIVERSIDAD Y &#xC1;REAS DE MANEJO ESPECIAL</subfield>
    <subfield code="9">26122</subfield>
  </datafield>
  <datafield tag="653" ind1=" " ind2=" ">
    <subfield code="a">ECOLOG&#xCD;A</subfield>
  </datafield>
  <datafield tag="653" ind1=" " ind2=" ">
    <subfield code="a">ECOSISTEMA</subfield>
  </datafield>
  <datafield tag="653" ind1=" " ind2=" ">
    <subfield code="a">EDUCACI&#xD3;N AMBIENTAL</subfield>
  </datafield>
  <datafield tag="653" ind1=" " ind2=" ">
    <subfield code="a">COMERCIO</subfield>
  </datafield>
  <datafield tag="653" ind1=" " ind2=" ">
    <subfield code="a">BIOTECNOLOG&#xCD;A</subfield>
  </datafield>
  <datafield tag="942" ind1=" " ind2=" ">
    <subfield code="2">ddc</subfield>
    <subfield code="c">BK</subfield>
    <subfield code="z">Eber Gonzales Pariona</subfield>
    <subfield code="e">2024-10-03</subfield>
  </datafield>
  <datafield tag="952" ind1=" " ind2=" ">
    <subfield code="0">0</subfield>
    <subfield code="1">0</subfield>
    <subfield code="2">ddc</subfield>
    <subfield code="4">0</subfield>
    <subfield code="7">0</subfield>
    <subfield code="8">EPIAF1</subfield>
    <subfield code="a">BAND</subfield>
    <subfield code="b">BAND</subfield>
    <subfield code="d">2018-02-06</subfield>
    <subfield code="e">CP</subfield>
    <subfield code="i">381220200200290</subfield>
    <subfield code="o">333.72 H29 2016</subfield>
    <subfield code="p">BAND18030687</subfield>
    <subfield code="v">104.00</subfield>
    <subfield code="y">BK</subfield>
    <subfield code="k"></subfield>
  </datafield>
  <datafield tag="999" ind1=" " ind2=" ">
    <subfield code="c">11773</subfield>
    <subfield code="d">11773</subfield>
  </datafield>
</record>
